000
00331nam a22001457a 4500
008
180814b xxu||||| |||| 00| 0 eng d
020
_a
9781452203348
041
_a
eng
080
_a
311
082
_a
311
100
_a
55
101
_a
STA
245
_a
Statistics for the behavioral sciences
_c
Privitera.G.J
942
_2
udc
_c
BK
999
_c
47164
_d
47164